Регионална библиотека "Любен Каравелов" - Русе

Верди (Запис номер 45188)

MARC детайли
000 -Лидер
Контролно поле с фиксирана дължина 01577nam a2200397 c 4500
003 - Код на организацията, давaща контролен номер
Контролно поле BLK
005 - Дата и час на последна редакция
Контролно поле 20231122005341.0
008 - Елементи от данни с фиксирана дължина
fixed length control field 180408b bul|||||r ||||||| ||bul||
010 ## - Наследен системен номер
LC control number KNG00048971000
040 ## - Източник на каталожния запис
Идентификатор на билиотеката - собственик на записа BLK
041 ## - Код за език
Код за езика на текст/звукозапис или на отделно заглавие Български
Код за езика КДБФ Български
080 ## - УДК
Текстов определител УДК Музиканти-творци, композитори
УДК код - определител по УДК 78.071.1
УДК определител (45)(092)
УДК - код + определител 78.071.1(45)(092)
080 ## - УДК
Текстов определител УДК Италиански композитор
УДК код - определител по УДК 929 Верди, Джузепе
УДК определител
УДК - код + определител 929 Верди, Джузепе
100 1# - Редна дума - Автор
Автор Гати, Карло
Авторска отговорност първи автор
R(LIN) 280006
139 ## - Редно поле
Редна дума Гати, Карло
Авторски знак Верд - В 49
245 10 - Сведения за заглавието
Заглавие Верди
Редно поле (дума) Карло Гати; прев. от итал. Светослав Колев.
257 ## - Страна на издаване
Страна на създаване/издаване Италия
260 ## - Област на издателските данни
-- София
Име на издателя, разпространителя и проч. Музика
Година на издаване 1988
300 ## - Физическа характеристика
Страници 648 с.
Размери/Мащаб 21 см
380 ## - Жанр
Жанр Изкуство
490 1# - СЕРИИ (Колекции)
Име на серия Книги за бележите музиканти
500 ## - Общи забележки
Забележка Ориг. загл. Verdi / Carlo Gatti
650 #4 - Допълнително описание по предмет – тема
Основно описание – тема или топоним Композитори - биографии
9 (RLIN) 246095
650 #4 - Допълнително описание по предмет – тема
Основно описание – тема или топоним Композитори, италиански
9 (RLIN) 276875
651 #4 - Допълнително описание по предмет - топоним
Географско понятие Италия
9 (RLIN) 178965
653 ## - Ключова дума – ненормативна
Ключова дума композитори
653 ## - Ключова дума – ненормативна
Ключова дума биографии
653 ## - Ключова дума – ненормативна
Ключова дума Италия
700 1# - Други автори (авторска отговорност)
Лично име Колев, Светослав
Автороска отговорност (Описва отношението между автора и произведението) прев. от итал.
9 (RLIN) 367902
852 ## - Местоположение
Форматна сигнатура Цб 155107
856 4# - Електронен адрес и достъп
Електронен формат pdf - файл
Път до файла /url/
856 4# - Електронен адрес и достъп
Електронен формат pdf - файл
Път до файла /url/
942 ## - АРТИКУЛИ
Вид на библиотечния материал Книги
Скрит в OPAC Не
944 ## - СЪЗДАВАНЕ И РЕДАКЦИЯ на ЗАПИСА
Създаване/Редакция Създаване
Дата на регистрацията/редакция 10.06.2011
Статус, дата на статуса CRON CRON
Служител, извършил регистрацията/редакцията
944 ## - СЪЗДАВАНЕ И РЕДАКЦИЯ на ЗАПИСА
Създаване/Редакция Редакция
Дата на регистрацията/редакция 27.11.2017
Статус, дата на статуса 10.06.2011 - от С1,Р / 10.06.2011
Служител, извършил регистрацията/редакцията Ирена_Линкова
999 ## - СИСТЕМНИ КОНТРОЛНИ НОМЕРА
Koha biblionumber 45188
Koha biblioitemnumber 45188
Наличности
Код за отписване Код за изгубен артикул Източник на класификационната схема Код за повреда Коз за рестрикции Код за отдаване Артикулен № Име на библиотеката - собственик Име на библиотеката, в която се намира в момента Статус (Текущо местоположение) Дата на вписване в системата Местоположение - отдел Цена в лева Инвентарен номер Систематично азбучна сигнатура Баркод Номер на екземпляра Цена в евро Служебна бележка Служебен тип на артикула
  Не е изгубен Universal Decimal Classification Не е повреден без рестрикции заемане за дома 71152 Регионална библиотека "Любен Каравелов" Русе Регионална библиотека "Любен Каравелов" Русе Отдел Изкуство - подръчен фонд 1988-01-01 Отдел Изкуство - подръчен фонд 4.70 510354 78.071.1(092)/В 49 120000510354 1 2.40 Дост: Pk Вид: Ф N: стар фонд Дата: 01.01.1988 Дата инв: 20.06.2012 Бележки инв: * Книги
Изтеглен Не е изгубен Universal Decimal Classification Не е повреден без рестрикции заемане за дома 71153 Регионална библиотека "Любен Каравелов" Русе Регионална библиотека "Любен Каравелов" Русе Отдел Изкуство - подръчен фонд 1988-01-01 Отдел Изкуство - подръчен фонд 4.70 510347 78.071.1(092)/В 49 510347 2 2.40 Дост: Pk Вид: Ф N: стар фонд Дата: 01.01.1988 Дата инв: 16.07.2016 Бележки инв: *** Книги
Изтеглен Не е изгубен Universal Decimal Classification Не е повреден без рестрикции заемане за дома 71154 Регионална библиотека "Любен Каравелов" Русе Регионална библиотека "Любен Каравелов" Русе Отдел Изкуство - подръчен фонд 1988-01-01 Отдел Изкуство - подръчен фонд 4.70 510355 78.071.1(092)/В 49 510355 3 2.40 Дост: Pk Вид: Ф N: стар фонд Дата: 01.01.1988 Дата инв: 03.04.2017 Бележки инв: ИП2017 Книги
Изтеглен Не е изгубен Universal Decimal Classification Не е повреден без рестрикции заемане за дома 71155 Регионална библиотека "Любен Каравелов" Русе Регионална библиотека "Любен Каравелов" Русе Отдел Изкуство - подръчен фонд 1988-01-01 Отдел Изкуство - подръчен фонд 4.70 510356 78.071.1(092)/В 49 510356 4 2.40 Дост: Pk Вид: Ф N: стар фонд Дата: 01.01.1988 Дата инв: 03.04.2017 Бележки инв: ИП2017 Книги
  Не е изгубен Universal Decimal Classification Не е повреден само за читалня ползва се в читалня 71156 Регионална библиотека "Любен Каравелов" Русе Регионална библиотека "Любен Каравелов" Русе Хранилище 1988-01-01 Хранилище 4.70 507369 Цб 155107 120000507369 5 2.40 N: стар фонд Дата: 01.01.1988 Книги
Vip Innovations Ltd, Rousse, Bulgaria 2025